বাংলা থিয়েটারের ইতিহাস / (Record no. 44197)
[ view plain ]
| 000 -LEADER | |
|---|---|
| fixed length control field | 00980nam a2200241 a 4500 |
| 001 - CONTROL NUMBER | |
| control field | 44197 |
| 003 - CONTROL NUMBER IDENTIFIER | |
| rucl marc code | BD-RjUL |
| 005 - DATE AND TIME OF LATEST TRANSACTION | |
| control field | 20211209053820.0 |
| 008 - FIXED-LENGTH DATA ELEMENTS--GENERAL INFORMATION | |
| fixed length control field | 160714s1995 ii ||||| |||| 001 e b d |
| 020 ## - INTERNATIONAL STANDARD BOOK NUMBER | |
| International Standard Book Number | 8185471320 |
| Terms of availability | : Tk. 100.00 |
| 035 ## - SYSTEM CONTROL NUMBER | |
| System control number | (BD-RjUL)44315 |
| 040 ## - CATALOGING SOURCE | |
| Original cataloging agency | BD-RjUL |
| Language of cataloging | ben |
| Transcribing agency | BD-RjUL |
| 041 ## - LANGUAGE CODE | |
| Language code of text/sound track or separate title | ben |
| 082 ## - DEWEY DECIMAL CLASSIFICATION NUMBER | |
| Edition number | 23 |
| Classification number | 792.095414 |
| Author mark and year | COB 1995 |
| 100 ## - MAIN ENTRY--PERSONAL NAME | |
| Personal name | চোধুরী, দর্শন |
| 9 (RLIN) | 135712 |
| 245 ## - TITLE STATEMENT | |
| Title | বাংলা থিয়েটারের ইতিহাস / |
| Statement of responsibility, etc. | দর্শন চোধুরী |
| 260 ## - PUBLICATION, DISTRIBUTION, ETC. (IMPRINT) | |
| Place of publication, distribution, etc. | কলকাতা : |
| Name of publisher, distributor, etc. | অনুপকুমার মাহিন্দার পুস্তক বিপনি, |
| Date of publication, distribution, etc. | ১৯৯৫ |
| 300 ## - PHYSICAL DESCRIPTION | |
| Pagination | ৩২৮ পৃ. ; |
| Size | ২২ সেমি. |
| 500 ## - GENERAL NOTE | |
| General note | নির্ঘন্ট সংযুক্ত |
| 650 ## - SUBJECT ADDED ENTRY--TOPICAL TERM | |
| Topical term or geographic name as entry element | বাংলা নাটক |
| Form subdivision | ইতিহাস ও সমালোচনা |
| 9 (RLIN) | 123606 |
| Topical term or geographic name as entry element | Bengali drama |
| Form subdivision | History and criticism |
| 9 (RLIN) | 117436 |
| 942 ## - ADDED ENTRY ELEMENTS (KOHA) | |
| Source of classification or shelving scheme | Dewey Decimal Classification |
| Koha item type | Books |
| Lost status | Source of classification or shelving scheme | Damaged status | Not for loan | Collection code | Permanent Location | Current Location | Shelving location | Date acquired | Source of acquisition | Cost, normal purchase price | Total Checkouts | Full call number | Date last seen | Copy number | Koha item type |
|---|---|---|---|---|---|---|---|---|---|---|---|---|---|---|---|
| Dewey Decimal Classification | Non-fiction | Central Library, University of Rajshahi | Central Library, University of Rajshahi | 31/07/1995 | Juwel Ethar, Dhaka | 100.00 | B 792.095414 COB 1995 | 16/07/2016 | C-2 | Books |